Les villes et villages fleuris de Bretagne - Statistiques

Statistiques générales
  • Ce quiz a été pris 63 fois
  • Le résultat moyen est 13 sur 36
Statistiques - réponses
Département Habitants Indice Réponse % Correct
56 2482 J*SS*L*N Josselin
75%
56 55422 *A**ES Vannes
68%
35 17312 C*SS*N-S*V*GN* Cesson-Sévigné
63%
35 10219 CH*T***G*R*N Châteaugiron
61%
56 57246 *O*IE** Lorient
61%
29 63513 *UI**E* Quimper
61%
29 142629 **E** Brest
60%
29 3404 *O**OFF Roscoff
60%
22 43609 *AI**-**IEU* Saint-Brieuc
58%
56 1488 L* VR*** CR**X La Vraie-Croix
56%
29 9464 F***SN*NT-L*S-GL*N*NT Fouesnant-les-Glénan
53%
35 20194 *OU*E*E* Fougères
46%
22 20774 *A**IO* Lannion
46%
22 9605 *OU*EA* Loudéac
40%
22 1016 P*NTR***X Pontrieux
39%
22 351 S**NT-G*LL*S-V***X-M*RCH* Saint-Gilles-Vieux-Marché
37%
35 18267 *I**E Vitré
35%
35 660 M*LL* Mellé
33%
35 2104 S**NT-G*RM**N-*N-C*GL*S Saint-Germain-en-Coglès
33%
35 3680 D*ML**P Domloup
32%
22 3097 PL**D*H*N-S*R-R*NC* Pleudihen-sur-Rance
32%
56 7298 C**D*N Caudan
30%
56 9206 L* RH** Le Rheu
30%
35 633 C*GL*S Coglès
28%
56 22095 *A*E**E* Lanester
26%
35 4490 *E*EE Bédée
25%
35 10674 *I*A** Dinard
25%
56 2245 *A *A*I**Y La Gacilly
23%
56 992 L* G**RN* Le Guerno
18%
22 647 S**NT-J*V*T Saint-Juvat
18%
56 1201 M*SS*R**C Missiriac
16%
22 2376 *OUA**A* Louargat
9%
56 654 *O**E*E**-E*-*E**E Rochefort-en-Terre
9%
35 8291 **A***E*-*E-**E*A**E Chartres-de-Bretagne
7%
56 2160 **OU*A**E* Plouharnel
7%
22 196 S**NT-L**N**C Saint-Launeuc
7%
Aucun quiz correspondant
Distribution des résultats
% des personnes avec chaque résultat
Percentile par nombre de réponses
Votre historique - résultats
Vous n’avez pas pris ce quiz